000
00320nam a2200133Ia 4500
005
20260326235506.0
008
260326s9999||||xx |||||||||||||| ||und||
100
_a
Hennessey, James
245
0
_a
Nomadic furniture 2 /
_c
James Hennessey
260
_b
Phanteon Books
300
_a
153 p.
650
_a
MUEBLES
942
_c
BK
999
_c
8198
_d
8198